Odborná komunikácia - východisko i cieľ výučby aplikovaných jazykov

Vymedzenie pojmu odborná (ekonomická) komunikácia. Aktívna rola recipienta v procese vnímania odborného textu. Jazykové štýly a žánre uplatňujúce sa v profesionálnej komunikácii.

Gespeichert in:
Bibliographische Detailangaben
1. Verfasser: Rizeková, Iveta, 1961-
Format: Buchkapitel
Sprache:Slowakisch
Schlagworte:
Tags: Tag hinzufügen
Keine Tags, Fügen Sie das erste Tag hinzu!

MARC

LEADER 00000nla$a2200000$$$4500
001 0130418
005 20240502072508.6
041 0 |a slo 
044 |a SK 
245 1 0 |a Odborná komunikácia - východisko i cieľ výučby aplikovaných jazykov  |c Iveta Rizeková 
520 |a Vymedzenie pojmu odborná (ekonomická) komunikácia. Aktívna rola recipienta v procese vnímania odborného textu. Jazykové štýly a žánre uplatňujúce sa v profesionálnej komunikácii. 
610 2 0 |a jazyky cudzie 
610 2 0 |a vzdelávanie 
610 2 0 |a vyučovanie 
610 2 0 |a komunikácia 
610 2 0 |a ekonómia 
100 1 |a Rizeková, Iveta, 1961-